000 00505ntaaa2200193 4500
003 01
005 20251027200650.0
008 0714s1973 ag 01
040 _aAR-BaBN
_bspa
_cAR-BaBN
_eaacr
_dRIC
082 _a224.6 M82
100 _aMorgan, G. Campbell
245 _aHosea /
_cG. Campbell Morgan
250 _a1 ed.
260 _aWestwood :
_bFleming H. Revell Co,
_c1964, 1967
300 _a126 p
500 _aComentario de Oseas
650 _aBiblia-Antiguo Testamento-Oseas
_91668
942 _cBK
999 _c1218
_d1218